000 00339pam a2200157a 44500
008 230515b1993 xxu||||| |||| 00| 0 eng d
020 _aNULL
041 _aENGLISH
082 _aN.D.
100 _aDate C J
245 _aDatabase System
250 _a0
260 _aNULL
_bNarosa Pub. House.
_c1993
300 _a580
650 _aNULL
999 _c575380
_d575380